<?xml version="1.0" encoding="UTF-8"?>
<record
    xmlns:xsi="http://www.w3.org/2001/XMLSchema-instance"
    xsi:schemaLocation="http://www.loc.gov/MARC21/slim http://www.loc.gov/standards/marcxml/schema/MARC21slim.xsd"
    xmlns="http://www.loc.gov/MARC21/slim">

  <leader>03811cam a22006854i 4500</leader>
  <controlfield tag="001">u53670</controlfield>
  <controlfield tag="003">PE-LiUPU</controlfield>
  <controlfield tag="005">20250731180154.0</controlfield>
  <controlfield tag="008">150626s1986    sp a    rb    001 0 spa d</controlfield>
  <datafield tag="020" ind1=" " ind2=" ">
    <subfield code="a">9788429171334</subfield>
  </datafield>
  <datafield tag="035" ind1=" " ind2=" ">
    <subfield code="a">(Sirsi) i9788429171334</subfield>
  </datafield>
  <datafield tag="040" ind1=" " ind2=" ">
    <subfield code="a">PE-LiUPU</subfield>
    <subfield code="b">spa</subfield>
    <subfield code="c">PE-LiUPU</subfield>
    <subfield code="e">rda</subfield>
  </datafield>
  <datafield tag="041" ind1="1" ind2=" ">
    <subfield code="a">spa</subfield>
    <subfield code="h">ger</subfield>
  </datafield>
  <datafield tag="049" ind1=" " ind2=" ">
    <subfield code="a">PRUA</subfield>
  </datafield>
  <datafield tag="082" ind1="0" ind2="4">
    <subfield code="a">540</subfield>
    <subfield code="b">Ch84</subfield>
  </datafield>
  <datafield tag="100" ind1="1" ind2=" ">
    <subfield code="a">Christen, Hans Rudolf,</subfield>
    <subfield code="e">autor.</subfield>
  </datafield>
  <datafield tag="245" ind1="1" ind2="0">
    <subfield code="a">Fundamentos de la qu&#xED;mica general e inorg&#xE1;nica /</subfield>
    <subfield code="c">Hans Rudolf Christen.</subfield>
  </datafield>
  <datafield tag="264" ind1=" " ind2="1">
    <subfield code="a">Barcelona :</subfield>
    <subfield code="b">Revert&#xE9;,</subfield>
    <subfield code="c">1986.</subfield>
  </datafield>
  <datafield tag="300" ind1=" " ind2=" ">
    <subfield code="a">856 p&#xE1;ginas :</subfield>
    <subfield code="b">ilustraciones ;</subfield>
    <subfield code="c">21 cent&#xED;metros</subfield>
  </datafield>
  <datafield tag="336" ind1=" " ind2=" ">
    <subfield code="a">text</subfield>
    <subfield code="2">rdacontent</subfield>
  </datafield>
  <datafield tag="337" ind1=" " ind2=" ">
    <subfield code="a">unmediated</subfield>
    <subfield code="2">rdamedia</subfield>
  </datafield>
  <datafield tag="338" ind1=" " ind2=" ">
    <subfield code="a">volume</subfield>
    <subfield code="2">rdacarrier</subfield>
  </datafield>
  <datafield tag="504" ind1=" " ind2=" ">
    <subfield code="a">Incluye bibliograf&#xED;a.</subfield>
  </datafield>
  <datafield tag="504" ind1=" " ind2=" ">
    <subfield code="a">Incluye &#xCD;ndice.</subfield>
  </datafield>
  <datafield tag="505" ind1="0" ind2=" ">
    <subfield code="a">El moderno modelo at&#xF3;mico -- El sistema de per&#xED;odos -- El enlace qu&#xED;mico --  Gases -- El estado s&#xF3;lido -- El estado l&#xED;quido: disoluciones -- Relaciones cuanttativas -- Termodin&#xE1;mica de las reacciones qu&#xED;micas; equilibrio qu&#xED;mico -- La velocidad de las reacciones qu&#xED;micas equilibrios &#xE1;cido/base -- Gases nobles e hidr&#xF3;geno -- Los hal&#xF3;genos -- Los elementos del grupo vi ("calc&#xF3;genos") -- Los elementos del grupo v -- Los elementos del grupo iv -- Los elementos del grupo iii -- Los elementos del grupo ii ("metales alcalinoterreos ") -- Los elementos del grupo i metales de transici&#xF3;n i: generalidades ("metales alcalinos") -- Metales de transici&#xF3;n ii: compuestos complejos -- Metales de transici&#xF3;n iii -- Los grupos secundarios iiia a viia -- Metales de transici&#xF3;n iv: metales del grupo del hierro y del platino -- Metales de transici&#xF3;n v: los grupos secundarios &#xA1;b y &#xA1;&#xA1;b -- Metales de transici&#xF3;n vi: carbonilos y compuestos organomet&#xE1;licos.</subfield>
  </datafield>
  <datafield tag="526" ind1=" " ind2=" ">
    <subfield code="a">SEG44</subfield>
  </datafield>
  <datafield tag="526" ind1=" " ind2=" ">
    <subfield code="a">SEG26</subfield>
  </datafield>
  <datafield tag="526" ind1=" " ind2=" ">
    <subfield code="a">P159</subfield>
  </datafield>
  <datafield tag="526" ind1=" " ind2=" ">
    <subfield code="a">P155</subfield>
  </datafield>
  <datafield tag="526" ind1=" " ind2=" ">
    <subfield code="a">P154</subfield>
  </datafield>
  <datafield tag="526" ind1=" " ind2=" ">
    <subfield code="a">P153</subfield>
  </datafield>
  <datafield tag="526" ind1=" " ind2=" ">
    <subfield code="a">P150</subfield>
  </datafield>
  <datafield tag="526" ind1=" " ind2=" ">
    <subfield code="a">P100</subfield>
  </datafield>
  <datafield tag="526" ind1=" " ind2=" ">
    <subfield code="a">P31</subfield>
  </datafield>
  <datafield tag="526" ind1=" " ind2=" ">
    <subfield code="a">P30</subfield>
  </datafield>
  <datafield tag="526" ind1=" " ind2=" ">
    <subfield code="a">P26</subfield>
  </datafield>
  <datafield tag="526" ind1=" " ind2=" ">
    <subfield code="a">P25</subfield>
  </datafield>
  <datafield tag="526" ind1=" " ind2=" ">
    <subfield code="a">P24</subfield>
  </datafield>
  <datafield tag="526" ind1=" " ind2=" ">
    <subfield code="a">P22</subfield>
  </datafield>
  <datafield tag="526" ind1=" " ind2=" ">
    <subfield code="a">P15</subfield>
  </datafield>
  <datafield tag="526" ind1=" " ind2=" ">
    <subfield code="a">P10</subfield>
  </datafield>
  <datafield tag="534" ind1=" " ind2=" ">
    <subfield code="p">T&#xED;tulo Original :</subfield>
    <subfield code="t">Grundlagen der allgemeinen und anorganischen Chemie.</subfield>
  </datafield>
  <datafield tag="541" ind1=" " ind2=" ">
    <subfield code="g">001-0039187;</subfield>
  </datafield>
  <datafield tag="541" ind1=" " ind2=" ">
    <subfield code="g">015-0016193;</subfield>
  </datafield>
  <datafield tag="596" ind1=" " ind2=" ">
    <subfield code="a">1 2</subfield>
  </datafield>
  <datafield tag="650" ind1=" " ind2="7">
    <subfield code="a">Qu&#xED;mica inorg&#xE1;nica.</subfield>
    <subfield code="2">embne</subfield>
  </datafield>
  <datafield tag="650" ind1=" " ind2="7">
    <subfield code="a">Qu&#xED;mica.</subfield>
    <subfield code="2">embne</subfield>
  </datafield>
  <datafield tag="910" ind1=" " ind2=" ">
    <subfield code="a">gl</subfield>
    <subfield code="b"></subfield>
    <subfield code="c">lch</subfield>
    <subfield code="d">20140717</subfield>
  </datafield>
  <datafield tag="910" ind1=" " ind2=" ">
    <subfield code="a">gl</subfield>
    <subfield code="c">ng</subfield>
    <subfield code="d">20131120</subfield>
  </datafield>
  <datafield tag="910" ind1=" " ind2=" ">
    <subfield code="a">rdg</subfield>
    <subfield code="b">jck</subfield>
    <subfield code="c">rdg</subfield>
    <subfield code="d">20150626</subfield>
  </datafield>
  <datafield tag="942" ind1=" " ind2=" ">
    <subfield code="2">ddc</subfield>
    <subfield code="c">BOOK</subfield>
  </datafield>
  <datafield tag="994" ind1=" " ind2=" ">
    <subfield code="a">C0</subfield>
    <subfield code="b">PEPRU</subfield>
  </datafield>
  <datafield tag="949" ind1=" " ind2=" ">
    <subfield code="a">540 CH84</subfield>
    <subfield code="w">DEWEY</subfield>
    <subfield code="c">1</subfield>
    <subfield code="i">69173</subfield>
    <subfield code="d">2018-5-4</subfield>
    <subfield code="e">2018-3-21</subfield>
    <subfield code="f">2018-2-12</subfield>
    <subfield code="g">4</subfield>
    <subfield code="l">CCODEBUL1</subfield>
    <subfield code="m">BUL</subfield>
    <subfield code="n">13</subfield>
    <subfield code="p">102.00</subfield>
    <subfield code="q">2</subfield>
    <subfield code="r">0</subfield>
    <subfield code="s">Y</subfield>
    <subfield code="t">BOOK</subfield>
    <subfield code="u">2014-7-17</subfield>
    <subfield code="x">INGENIERIA</subfield>
    <subfield code="P">P24</subfield>
    <subfield code="0">COMPRA</subfield>
    <subfield code="o">.STAFF. Colecci&#xF3;n General</subfield>
  </datafield>
  <datafield tag="949" ind1=" " ind2=" ">
    <subfield code="a">540 CH84</subfield>
    <subfield code="w">DEWEY</subfield>
    <subfield code="c">1</subfield>
    <subfield code="i">FT02780</subfield>
    <subfield code="l">CCODEBUT1</subfield>
    <subfield code="m">BUT</subfield>
    <subfield code="p">85.71</subfield>
    <subfield code="r">0</subfield>
    <subfield code="s">Y</subfield>
    <subfield code="t">BOOK</subfield>
    <subfield code="u">2015-6-26</subfield>
    <subfield code="x">INGENIERIA</subfield>
    <subfield code="P">P24</subfield>
    <subfield code="0">COMPRA</subfield>
    <subfield code="o">.STAFF. Colecci&#xF3;n General</subfield>
  </datafield>
  <datafield tag="949" ind1=" " ind2=" ">
    <subfield code="a">540 CH84</subfield>
    <subfield code="w">DEWEY</subfield>
    <subfield code="c">2</subfield>
    <subfield code="i">70186</subfield>
    <subfield code="d">2018-5-30</subfield>
    <subfield code="e">2016-9-7</subfield>
    <subfield code="f">2018-2-12</subfield>
    <subfield code="g">1</subfield>
    <subfield code="k">CHECKEDOUT</subfield>
    <subfield code="l">CCODEBUL1</subfield>
    <subfield code="m">BUL</subfield>
    <subfield code="n">8</subfield>
    <subfield code="p">95.00</subfield>
    <subfield code="q">1</subfield>
    <subfield code="r">0</subfield>
    <subfield code="s">Y</subfield>
    <subfield code="t">BOOK</subfield>
    <subfield code="u">2014-7-17</subfield>
    <subfield code="x">INGENIERIA</subfield>
    <subfield code="P">P24</subfield>
    <subfield code="0">COMPRA</subfield>
    <subfield code="o">.STAFF. Colecci&#xF3;n General</subfield>
  </datafield>
  <datafield tag="999" ind1=" " ind2=" ">
    <subfield code="a">540 CH84</subfield>
    <subfield code="w">DEWEY</subfield>
    <subfield code="c">56383</subfield>
    <subfield code="i">69173</subfield>
    <subfield code="d">56383</subfield>
    <subfield code="e">2022-4-24</subfield>
    <subfield code="f">2021-11-5</subfield>
    <subfield code="g">7</subfield>
    <subfield code="l">CCODEBUL1</subfield>
    <subfield code="m">BUL</subfield>
    <subfield code="n">17</subfield>
    <subfield code="p">102.00</subfield>
    <subfield code="q">3</subfield>
    <subfield code="r">0</subfield>
    <subfield code="s">Y</subfield>
    <subfield code="t">BOOK</subfield>
    <subfield code="u">2014-7-17</subfield>
    <subfield code="x">BIBLIOTECA</subfield>
    <subfield code="P">P24</subfield>
    <subfield code="0">COMPRA</subfield>
    <subfield code="o">.STAFF. Colecci&#xF3;n General</subfield>
  </datafield>
  <datafield tag="999" ind1=" " ind2=" ">
    <subfield code="a">540 CH84</subfield>
    <subfield code="w">DEWEY</subfield>
    <subfield code="c">2</subfield>
    <subfield code="i">70186</subfield>
    <subfield code="d">2018-11-18</subfield>
    <subfield code="e">2016-9-7</subfield>
    <subfield code="f">2021-11-5</subfield>
    <subfield code="g">4</subfield>
    <subfield code="l">CCODEBUL1</subfield>
    <subfield code="m">BUL</subfield>
    <subfield code="n">8</subfield>
    <subfield code="p">95.00</subfield>
    <subfield code="q">4</subfield>
    <subfield code="r">0</subfield>
    <subfield code="s">Y</subfield>
    <subfield code="t">BOOK</subfield>
    <subfield code="u">2014-7-17</subfield>
    <subfield code="x">BIBLIOTECA</subfield>
    <subfield code="P">P24</subfield>
    <subfield code="0">COMPRA</subfield>
    <subfield code="o">.STAFF. Colecci&#xF3;n General</subfield>
  </datafield>
  <datafield tag="999" ind1=" " ind2=" ">
    <subfield code="a">540 CH84</subfield>
    <subfield code="w">DEWEY</subfield>
    <subfield code="c">1</subfield>
    <subfield code="i">FT02780</subfield>
    <subfield code="f">2019-2-20</subfield>
    <subfield code="g">1</subfield>
    <subfield code="l">CCODEBUT1</subfield>
    <subfield code="m">BUT</subfield>
    <subfield code="p">85.71</subfield>
    <subfield code="r">0</subfield>
    <subfield code="s">Y</subfield>
    <subfield code="t">BOOK</subfield>
    <subfield code="u">2015-6-26</subfield>
    <subfield code="x">INGENIERIA</subfield>
    <subfield code="P">P24</subfield>
    <subfield code="0">COMPRA</subfield>
    <subfield code="o">.STAFF. Colecci&#xF3;n General</subfield>
  </datafield>
  <datafield tag="980" ind1=" " ind2=" ">
    <subfield code="8">1</subfield>
    <subfield code="g">ALBERTO SANCHEZ Responsable de Automatizaci&#xF3;n</subfield>
  </datafield>
  <datafield tag="952" ind1=" " ind2=" ">
    <subfield code="r">2025-12-02 00:00:00</subfield>
    <subfield code="i">8</subfield>
    <subfield code="l">17</subfield>
    <subfield code="o">540 CH84</subfield>
    <subfield code="p">69173</subfield>
    <subfield code="s">2022-04-24</subfield>
    <subfield code="t">e1</subfield>
    <subfield code="v">107.00</subfield>
    <subfield code="w">2014-07-17</subfield>
    <subfield code="x">FIA</subfield>
    <subfield code="y">BK</subfield>
    <subfield code="z">inventario-2023-12-13</subfield>
    <subfield code="1">0</subfield>
    <subfield code="2">ddc</subfield>
    <subfield code="5">0</subfield>
    <subfield code="7">0</subfield>
    <subfield code="8">GEN</subfield>
    <subfield code="f">P24</subfield>
    <subfield code="a">BUL</subfield>
    <subfield code="b">BUL</subfield>
    <subfield code="c">GEN</subfield>
    <subfield code="d">2014-07-17</subfield>
    <subfield code="e">COMPRA</subfield>
    <subfield code="g">102.00</subfield>
  </datafield>
  <datafield tag="952" ind1=" " ind2=" ">
    <subfield code="r">2026-03-16 18:15:25</subfield>
    <subfield code="i">5</subfield>
    <subfield code="l">14</subfield>
    <subfield code="o">540 CH84</subfield>
    <subfield code="p">70186</subfield>
    <subfield code="s">2024-02-26</subfield>
    <subfield code="t">e2</subfield>
    <subfield code="v">100.00</subfield>
    <subfield code="w">2014-07-17</subfield>
    <subfield code="x">FIA</subfield>
    <subfield code="y">BK</subfield>
    <subfield code="z">inventario-2023-12-13</subfield>
    <subfield code="1">0</subfield>
    <subfield code="2">ddc</subfield>
    <subfield code="5">0</subfield>
    <subfield code="7">0</subfield>
    <subfield code="8">GEN</subfield>
    <subfield code="f">P24</subfield>
    <subfield code="a">BUL</subfield>
    <subfield code="b">BUL</subfield>
    <subfield code="c">GEN</subfield>
    <subfield code="d">2014-07-17</subfield>
    <subfield code="e">COMPRA</subfield>
    <subfield code="g">95.00</subfield>
  </datafield>
</record>
